Cyclisme : Vainqueurs de Milan San Remo - Statistiques

Statistiques générales
  • Ce quiz a été pris 51 fois
    12 depuis la dernière actualisation
  • Le résultat moyen est 43 sur 117
Statistiques - réponses
Année Vainqueur % Correct
2019 Julian Alaphilippe
100%
2023 | 2025 Mathieu van der Poel
100%
2020 Wout van Aert
100%
1966 | 1967 | 1969 | +4 others Eddy Merckx
90%
2024 Jasper Philipsen
80%
2022 Matej Mohorič
80%
2026 Tadej Pogačar
80%
2016 Arnaud Démare
70%
1946 | 1948 | 1949 Fausto Coppi
70%
1939 | 1940 | 1947 | 1950 Gino Bartali
70%
2009 Mark Cavendish
70%
2004 | 2007 | 2010 Óscar Freire
70%
2005 Alessandro Petacchi
60%
2014 Alexander Kristoff
60%
2021 Jasper Stuyven
60%
2015 John Degenkolb
60%
2017 Michał Kwiatkowski
60%
2018 Vincenzo Nibali
60%
2008 Fabian Cancellara
50%
1974 Felice Gimondi
50%
2013 Gerald Ciolek
50%
1990 Gianni Bugno
50%
1995 Laurent Jalabert
50%
1907 Lucien Petit-Breton
50%
2002 Mario Cipollini
50%
2003 Paolo Bettini
50%
1973 | 1978 | 1979 Roger De Vlaeminck
50%
1997 | 1998 | 2000 | 2001 Erik Zabel
40%
2006 Filippo Pozzato
40%
1984 Francesco Moser
40%
1951 Louison Bobet
40%
2011 Matthew Goss
40%
1961 Raymond Poulidor
40%
1958 Rik Van Looy
40%
1986 | 1992 Sean Kelly
40%
1929 | 1931 Alfredo Binda
30%
1999 Andreï Tchmil
30%
1918 | 1921 | 1923 | +3 others Costante Girardengo
30%
1996 Gabriele Colombo
30%
1977 Jan Raas
30%
1988 | 1989 Laurent Fignon
30%
1970 Michele Dancelli
30%
1968 Rudi Altig
30%
2012 Simon Gerrans
30%
1981 Alfons De Wolf
20%
1991 Claudio Chiappucci
20%
1987 Erich Maechler
20%
1994 Giorgio Furlan
20%
1983 Giuseppe Saronni
20%
1985 Hennie Kuiper
20%
1933 Learco Guerra
20%
1993 Maurizio Fondriest
20%
1957 | 1959 Miguel Poblet
20%
1954 Rik Van Steenbergen
20%
1956 Alfred De Bruyne
10%
1962 Émile Daems
10%
1922 Giovanni Brunero
10%
1912 Henri Pélissier
10%
1909 Luigi Ganna
10%
1982 Marc Gomez
10%
1930 Michele Mara
10%
1913 Odile Defraye
10%
1980 Pierino Gavazzi
10%
1964 Tom Simpson
10%
1914 Ugo Agostoni
10%
1942 Adolfo Leoni
0%
1932 Alfredo Bovet
0%
1919 Angelo Gremo
0%
1936 Angelo Varetto
0%
1965 Arie den Hartog
0%
1937 Cesare Del Cancia
0%
1943 Cino Cinelli
0%
1908 Cyrille Van Hauwaert
0%
1910 Eugène Christophe
0%
1915 Ezio Corlaita
0%
1917 | 1920 Gaetano Belloni
0%
1955 Germain Derijcke
0%
1935 | 1938 Giuseppe Olmo
0%
1911 Gustave Garrigou
0%
1934 Jef Demuysere
0%
1963 Joseph Groussard
0%
1952 | 1953 Loretto Petrucci
0%
1941 Pierino Favalli
0%
1927 Pietro Chesi
0%
1924 Pietro Linari
0%
1960 René Privat
0%
Aucun quiz correspondant
Distribution des résultats
% des personnes avec chaque résultat
Percentile par nombre de réponses
Votre historique - résultats
Vous n’avez pas pris ce quiz depuis la dernière actualisation